[Event "Vendredi 2020.01.17 A"]
[Site "Montreal CAN"]
[Date "2020.01.17"]
[Round "1"]
[White "Huang, Qiuyu"]
[Black "Mok, Yuen Tak"]
[Result "1-0"]
[WhiteElo "2182"]
[BlackElo "2099"]
[PlyCount "55"]
[EventDate "2020.01.17"]
[EventType "tourn"]
[EventRounds "3"]
[EventCountry "CAN"]

1. e4 e5 2. Nf3 Nf6 3. d4 exd4 4. e5 Ne4 5. Qxd4 d5 6. exd6 Nxd6 7. Be2 Nc6 8.
Qd1 Bg4 9. O-O Be7 10. Nc3 Qd7 11. Nd5 O-O-O 12. Bf4 Ne8 13. c4 Bd6 14. Be3 Nf6
15. Qa4 a6 16. Nxf6 gxf6 17. c5 Be5 18. Rad1 Qe6 19. b4 Bxf3 20. Bxf3 Nd4 21.
Bxd4 Rxd4 22. Rxd4 Bxd4 23. c6 Qc4 24. cxb7+ Kb8 25. Qd7 Be5 26. Rd1 Bd6 27.
Bg4 Ka7 28. Qc8 1-0

[Event "Vendredi 2020.01.17 A"]
[Site "Montreal CAN"]
[Date "2020.01.17"]
[Round "1"]
[White "Kapush, Oleksandr"]
[Black "Abdelaal, Ibrahim"]
[Result "1-0"]
[WhiteElo "1979"]
[BlackElo "1948"]
[PlyCount "39"]
[EventDate "2020.01.17"]
[EventType "tourn"]
[EventRounds "3"]
[EventCountry "CAN"]

1. Nf3 b5 2. e4 a6 3. d4 Bb7 4. Bd3 Nf6 5. Qe2 e6 6. c3 c5 7. a4 b4 8. e5 Nd5
9. Be4 bxc3 10. bxc3 Nc6 11. c4 Ndb4 12. d5 exd5 13. cxd5 Na5 14. d6 Bxe4 15.
Qxe4 Nb3 16. Bg5 Nxa1 17. Bxd8 Nac2+ 18. Kd2 Rxd8 19. Qc4 g6 20. Ng5 1-0

[Event "Vendredi 2020.01.17 A"]
[Site "Montreal CAN"]
[Date "2020.01.24"]
[Round "2"]
[White "Abdelaal, Ibrahim"]
[Black "Mok, Yuen Tak"]
[Result "1/2-1/2"]
[WhiteElo "1948"]
[BlackElo "2099"]
[PlyCount "175"]
[EventDate "2020.01.17"]
[EventType "tourn"]
[EventRounds "3"]
[EventCountry "CAN"]

1. e4 c6 2. d4 d5 3. e5 Bf5 4. Ne2 e6 5. Ng3 Bg6 6. h4 h5 7. Bd3 Bxd3 8. cxd3
Qb6 9. Be3 Qxb2 10. O-O Nd7 11. Nd2 Qa3 12. Rb1 Qa6 13. Nxh5 g6 14. Nf4 Rxh4
15. g3 Rh8 16. Nxe6 fxe6 17. Qg4 O-O-O 18. Qxe6 Qxd3 19. Rfc1 Ne7 20. Bg5 Qf5
21. Qxf5 gxf5 22. Nf3 Re8 23. Nh4 Nb6 24. Bxe7 Bxe7 25. Nxf5 Nc4 26. Kg2 b6 27.
Rh1 Kd7 28. e6+ Kd8 29. Nh6 Kc8 30. Nf7 Rxh1 31. Rxh1 Bf6 32. Rh6 Bxd4 33. f4
b5 34. g4 a5 35. f5 b4 36. Ng5 Be3 37. Rg6 Bxg5 38. Rxg5 a4 39. f6 Kd8 40. e7+
Kd7 41. f7 Kxe7 42. fxe8=Q+ Kxe8 43. Rg8+ Ke7 44. Ra8 a3 45. Ra6 Ne5 46. g5 Kd6
47. Kf1 d4 48. Ke2 Kd5 49. Ra8 c5 50. Rd8+ Ke4 51. Re8 Kf5 52. Kd1 c4 53. Rb8
b3 54. Ra8 bxa2 55. Rxa3 Kxg5 56. Rxa2 Kf4 57. Ra8 Ke4 58. Rh8 Nf3 59. Re8+ Kd3
60. Rf8 Nd2 61. Rh8 Nf3 62. Rf8 Ng5 63. Rf5 Ne6 64. Rf3+ Ke4 65. Rh3 Nf4 66.
Rh8 d3 67. Kd2 Kd4 68. Rd8+ Nd5 69. Rh8 c3+ 70. Ke1 Nf4 71. Rd8+ Kc4 72. Rc8+
Kb3 73. Kd1 Nd5 74. Rb8+ Kc4 75. Rc8+ Kd4 76. Rd8 Kc5 77. Rc8+ Kb4 78. Rb8+ Kc4
79. Rc8+ Kb3 80. Rb8+ Nb4 81. Rb7 Ka3 82. Rb8 Na2 83. Rc8 Kb3 84. Rb8+ Nb4 85.
Rb7 d2 86. Rd7 Kc4 87. Rxd2 cxd2 88. Kxd2 1/2-1/2

[Event "Vendredi 2020.01.17 A"]
[Site "Montreal CAN"]
[Date "2020.01.24"]
[Round "2"]
[White "Kapush, Oleksandr"]
[Black "Huang, Qiuyu"]
[Result "1/2-1/2"]
[WhiteElo "2182"]
[BlackElo "1979"]
[PlyCount "84"]
[EventDate "2020.01.17"]
[EventType "tourn"]
[EventRounds "3"]
[EventCountry "CAN"]

1. e4 c5 2. Nc3 Nc6 3. g3 g6 4. Bg2 Bg7 5. d3 d6 6. f4 e5 7. Nh3 Nge7 8. O-O
O-O 9. f5 f6 10. g4 Nd4 11. Ne2 Nxe2+ 12. Qxe2 d5 13. fxg6 hxg6 14. exd5 Nxd5
15. Qe4 Ne7 16. Be3 Qc7 17. Qc4+ Kh7 18. Bxc5 Be6 19. Qxe6 Qxc5+ 20. Rf2 Rad8
21. Be4 Qd6 22. Qxd6 Rxd6 23. Raf1 Rb8 24. Kg2 b5 25. a3 Nc8 26. Ng1 Ra6 27. h4
Nd6 28. Bd5 b4 29. axb4 Rxb4 30. c4 Ra5 31. Nf3 Rb3 32. Rd1 Kh8 33. Re2 Rb4 34.
g5 f5 35. Nxe5 Bxe5 36. Rxe5 Rxb2+ 37. Kg3 Ne4+ 38. Kf4 Nf2 39. Re8+ Kg7 40.
Re7+ Kh8 41. Re8+ Kg7 42. Re7+ Kh8 1/2-1/2

[Event "Vendredi 2020.01.17 A"]
[Site "Montreal CAN"]
[Date "2020.01.31"]
[Round "3"]
[White "Huang, Qiuyu"]
[Black "Abdelaal, Ibrahim"]
[Result "1-0"]
[WhiteElo "2182"]
[BlackElo "1948"]
[PlyCount "67"]
[EventDate "2020.01.17"]
[EventType "tourn"]
[EventRounds "3"]
[EventCountry "CAN"]

1. e4 d5 2. exd5 Nf6 3. c4 c6 4. Nc3 cxd5 5. d4 Nc6 6. Bg5 Ne4 7. Nxe4 dxe4 8.
d5 Ne5 9. Qd4 f6 10. Bf4 Ng4 11. Qxe4 e5 12. Nh3 Bb4+ 13. Bd2 Bxd2+ 14. Kxd2
O-O 15. Qc2 b5 16. cxb5 Nh6 17. Bc4 Bf5 18. Qb3 Qd6 19. a4 Rfc8 20. a5 Be4 21.
f3 Rxc4 22. Qxc4 Bxd5 23. Qd3 Qb4+ 24. Qc3 Qxb5 25. Ke1 e4 26. Kf2 exf3 27.
gxf3 Qb7 28. Rhc1 Rd8 29. Nf4 Qb8 30. Ra4 Nf5 31. Qc7 Qa8 32. Nxd5 Qxd5 33. Qc4
g5 34. Rd1 1-0

[Event "Vendredi 2020.01.17 A"]
[Site "Montreal CAN"]
[Date "2020.01.31"]
[Round "3"]
[White "Mok, Yuen Tak"]
[Black "Kapush, Oleksandr"]
[Result "1/2-1/2"]
[WhiteElo "2099"]
[BlackElo "1979"]
[PlyCount "63"]
[EventDate "2020.01.17"]
[EventType "tourn"]
[EventRounds "3"]
[EventCountry "CAN"]

1. e4 Nf6 2. e5 Nd5 3. c4 Nb6 4. d4 d6 5. exd6 exd6 6. Nc3 Nc6 7. Be3 Be7 8.
Bd3 O-O 9. Nge2 Nb4 10. O-O Nxd3 11. Qxd3 d5 12. b3 c6 13. c5 Nd7 14. b4 b6 15.
Rfc1 bxc5 16. bxc5 Bf6 17. Rab1 Re8 18. Rb3 Qa5 19. Qd2 Ba6 20. Rc2 Kh8 21.
Rcb2 Rad8 22. Rb4 Bxe2 23. Nxe2 Qa6 24. Qc2 Rb8 25. h3 Rxb4 26. Rxb4 Rb8 27.
Rxb8+ Nxb8 28. Ng3 g6 29. Qb3 Nd7 30. Nf1 Kg7 31. Nd2 Nf8 32. Nf3 1/2-1/2

[Event "Vendredi 2020.02.28 A"]
[Site "Montreal CAN"]
[Date "2020.02.28"]
[Round "1"]
[White "Sekki, Abderaouf"]
[Black "Yu, Zong Yang"]
[Result "0-1"]
[WhiteElo "1846"]
[BlackElo "2479"]
[PlyCount "102"]
[EventDate "2020.02.28"]
[EventType "tourn"]
[EventRounds "3"]
[EventCountry "CAN"]

1. d4 Nf6 2. c4 e6 3. Nc3 Bb4 4. Qc2 O-O 5. a3 Bxc3+ 6. Qxc3 b5 7. cxb5 c6 8.
Bg5 cxb5 9. Nf3 Bb7 10. e3 Na6 11. Be2 Rc8 12. Qd2 Nc7 13. O-O a6 14. Rac1 h6
15. Bxf6 Qxf6 16. Ne5 Qe7 17. Bf3 Nd5 18. Rxc8 Rxc8 19. Rc1 Qd8 20. Bxd5 Bxd5
21. Rxc8 Qxc8 22. Qc3 Qxc3 23. bxc3 d6 24. Nd7 Bb7 25. f3 f5 26. Nb6 Kf7 27. a4
bxa4 28. Nxa4 a5 29. c4 Ba6 30. Nb2 Ke7 31. Kf2 d5 32. cxd5 exd5 33. Ke1 Bb5
34. Kd2 Bf1 35. g3 Bb5 36. Kc3 Be2 37. f4 Kf6 38. h4 Kg6 39. Kd2 Bb5 40. Nd1
Kf6 41. Nc3 Bc4 42. Nb1 Kg6 43. Na3 Ba6 44. Ke1 Kh5 45. Kf2 Bd3 46. Kg1 Kg4 47.
Kg2 a4 48. Kf2 Kh3 49. Kf3 h5 50. Kf2 Kh2 51. e4 fxe4 0-1

[Event "Vendredi 2020.02.28 A"]
[Site "Montreal CAN"]
[Date "2020.02.28"]
[Round "1"]
[White "Toenz, Antoine"]
[Black "Hernandez, Juan Felipe"]
[Result "1-0"]
[WhiteElo "2052"]
[BlackElo "1844"]
[PlyCount "57"]
[EventDate "2020.02.28"]
[EventType "tourn"]
[EventRounds "3"]
[EventCountry "CAN"]

1. e4 c5 2. Nc3 Nc6 3. Bb5 e6 4. Bxc6 bxc6 5. d3 d5 6. f4 Ne7 7. Nf3 Ng6 8. O-O
Bd6 9. e5 Bc7 10. Na4 Bb6 11. c4 O-O 12. b3 Bd7 13. g3 f6 14. Ba3 fxe5 15. fxe5
Bc7 16. Bxc5 Rf5 17. d4 h5 18. Qd3 h4 19. g4 Nf4 20. Qe3 Rf7 21. Ne1 g5 22. Ng2
Nxg2 23. Kxg2 Be8 24. Rxf7 Bxf7 25. Rf1 Bb6 26. Bd6 Bc7 27. Bxc7 Qxc7 28. Qxg5+
Kf8 29. Qxh4 1-0

[Event "Vendredi 2020.02.28 A"]
[Site "Montreal CAN"]
[Date "2020.03.06"]
[Round "2"]
[White "Hernandez, Juan Felipe"]
[Black "Yu, Zong Yang"]
[Result "0-1"]
[WhiteElo "1844"]
[BlackElo "2479"]
[PlyCount "84"]
[EventDate "2020.02.28"]
[EventType "tourn"]
[EventRounds "3"]
[EventCountry "CAN"]

1. e4 c6 2. d4 d5 3. Nc3 dxe4 4. Nxe4 Bf5 5. Ng3 Bg6 6. h4 h6 7. Nf3 Nd7 8. h5
Bh7 9. Bd3 Bxd3 10. Qxd3 e6 11. Bd2 Ngf6 12. O-O-O Be7 13. Kb1 O-O 14. Ne4 c5
15. g4 Nxg4 16. Qe2 f5 17. Nxc5 Nxc5 18. dxc5 Qc8 19. Ne5 Nxe5 20. Qxe5 Bf6 21.
Qg3 Qxc5 22. Bxh6 Rac8 23. c3 f4 24. Qg6 Qc7 25. Rhg1 Rcd8 26. Rxd8 Rxd8 27.
Bg5 Bxg5 28. Qxg5 Rd5 29. Qg4 Qf7 30. h6 g5 31. Re1 Qf5+ 32. Qxf5 exf5 33. Re7
g4 34. Kc2 b5 35. Rxa7 f3 36. Re7 Kh8 37. Re1 f4 38. Rd1 Re5 39. Kd3 g3 40. Rg1
g2 41. a4 bxa4 42. c4 Rh5 0-1

[Event "Vendredi 2020.02.28 A"]
[Site "Montreal CAN"]
[Date "2020.03.06"]
[Round "2"]
[White "Toenz, Antoine"]
[Black "Sekki, Abderaouf"]
[Result "1/2-1/2"]
[WhiteElo "2052"]
[BlackElo "1846"]
[PlyCount "51"]
[EventDate "2020.02.28"]
[EventType "tourn"]
[EventRounds "3"]
[EventCountry "CAN"]

1. e4 c5 2. Nc3 a6 3. f4 b5 4. Nf3 Bb7 5. d3 e6 6. Qe2 Nc6 7. g4 Nd4 8. Nxd4
cxd4 9. Nd1 Rc8 10. c3 dxc3 11. bxc3 Qh4+ 12. Qf2 Qxf2+ 13. Kxf2 d5 14. Bg2
dxe4 15. Bxe4 Bxe4 16. dxe4 Nf6 17. Kf3 Rc4 18. Re1 Bc5 19. Bd2 Ba3 20. Ne3 Rc8
21. Rab1 O-O 22. c4 bxc4 23. Bc3 Rfd8 24. Red1 Rxd1 25. Rxd1 Ne8 26. h4 1/2-1/2

[Event "Vendredi 2020.02.28 A"]
[Site "Montreal CAN"]
[Date "2020.03.13"]
[Round "3"]
[White "Sekki, Abderaouf"]
[Black "Hernandez, Juan Felipe"]
[Result "0-1"]
[WhiteElo "1846"]
[BlackElo "1844"]
[PlyCount "131"]
[EventDate "2020.02.28"]
[EventType "tourn"]
[EventRounds "3"]
[EventCountry "CAN"]

1. d4 Nf6 2. c4 e6 3. Nc3 d5 4. cxd5 Nxd5 5. e4 Nxc3 6. bxc3 c5 7. d5 Be7 8.
Nf3 O-O 9. Be2 exd5 10. exd5 Bf6 11. Qb3 b6 12. Be3 Nd7 13. O-O Ne5 14. Rad1
Bg4 15. Rfe1 Nxf3+ 16. Bxf3 Bxf3 17. gxf3 Qd7 18. Kg2 Qf5 19. c4 Be5 20. Qd3
Qh5 21. h3 Rad8 22. Qe4 Bc3 23. Re2 Rd6 24. Bf4 Rg6+ 25. Bg3 f5 26. Qf4 Rh6 27.
h4 Bf6 28. Re6 g5 29. Qxf5 gxh4 30. Qxh5 Rxh5 31. Bd6 h3+ 32. Kh2 Rf7 33. Re8+
Kg7 34. Rg1+ Rg5 35. Rxg5+ Bxg5 36. Be5+ Kg6 37. Rg8+ Kf5 38. Bd6 Bf4+ 39. Bxf4
Kxf4 40. Rg3 a6 41. a4 Ke5 42. Rxh3 Kd4 43. Rh4+ Kc3 44. Kg3 Kb4 45. Rh6 Kxc4
46. Rxb6 Kxd5 47. Rxa6 c4 48. Ra8 Rc7 49. Rd8+ Kc5 50. f4 c3 51. Rd1 Kb4 52.
Kg4 c2 53. Rc1 Kxa4 54. Kg5 Kb3 55. Kh6 Kb2 56. Rf1 Rd7 57. f3 c1=Q 58. Rxc1
Kxc1 59. f5 Rf7 60. Kg5 h5 61. Kxh5 Rxf5+ 62. Kg4 Rf8 63. f4 Kd2 64. f5 Ke3 65.
Kg5 Ke4 66. f6 0-1

[Event "Vendredi 2020.02.28 A"]
[Site "Montreal CAN"]
[Date "2020.03.13"]
[Round "3"]
[White "Yu, Zong Yang"]
[Black "Toenz, Antoine"]
[Result "1-0"]
[WhiteElo "1846"]
[BlackElo "2052"]
[PlyCount "45"]
[EventDate "2020.02.28"]
[EventType "tourn"]
[EventRounds "3"]
[EventCountry "CAN"]

1. d4 d5 2. c4 c6 3. Nf3 Nf6 4. Nc3 e6 5. Bg5 Be7 6. e3 Nbd7 7. Rc1 O-O 8. Bd3
b6 9. cxd5 exd5 10. O-O Bb7 11. Qc2 Rc8 12. Ne5 h6 13. Bxf6 Nxf6 14. Bf5 Rb8
15. Na4 c5 16. dxc5 bxc5 17. Nxc5 Bxc5 18. Qxc5 Ba6 19. Nc6 Qb6 20. Nxb8 Bxf1
21. Nc6 Bb5 22. Ne7+ Kh8 23. Ng6+ 1-0

[Event "Vendredi 2020.07.02 A"]
[Site "Montreal CAN"]
[Date "2020.02.07"]
[Round "1"]
[White "Mok, Yuen Tak"]
[Black "Sekki, Abderaouf"]
[Result "1-0"]
[WhiteElo "2110"]
[BlackElo "1862"]
[PlyCount "61"]
[EventDate "2020.02.07"]
[EventType "tourn"]
[EventRounds "3"]
[EventCountry "CAN"]

1. e4 c5 2. c3 d6 3. d4 cxd4 4. cxd4 g6 5. Nc3 Bg7 6. Nf3 Nd7 7. Bc4 e6 8. O-O
Ne7 9. Bf4 Nf6 10. Bb5+ Kf8 11. Re1 a6 12. Bf1 Nh5 13. Be3 h6 14. Rc1 f5 15.
exf5 gxf5 16. Rc2 Qe8 17. Ne2 Nd5 18. Nc3 Nhf6 19. Nxd5 Nxd5 20. Qd2 Bd7 21.
Bf4 Nxf4 22. Qxf4 d5 23. Rc7 Bc8 24. Qd6+ Kg8 25. Qxd5 Qf8 26. Qc4 Kh7 27. Ne5
Qf6 28. Re3 f4 29. Bd3+ Kg8 30. Rxc8+ Bf8 31. Re1 1-0

[Event "Vendredi 2020.07.02 A"]
[Site "Montreal CAN"]
[Date "2020.02.07"]
[Round "1"]
[White "Zhang, Chu Hang"]
[Black "Tinica, Gabriel"]
[Result "1/2-1/2"]
[WhiteElo "2086"]
[BlackElo "1997"]
[PlyCount "93"]
[EventDate "2020.02.07"]
[EventType "tourn"]
[EventRounds "3"]
[EventCountry "CAN"]

1. Nf3 Nf6 2. e3 g6 3. d4 Bg7 4. Bd3 d6 5. Nbd2 c5 6. b3 cxd4 7. exd4 O-O 8.
Bb2 Nc6 9. a3 e5 10. dxe5 dxe5 11. O-O Bg4 12. Re1 e4 13. Nxe4 Nxe4 14. Bxg7
Nxf2 15. Kxf2 Kxg7 16. h3 Bxf3 17. Qxf3 Ne5 18. Qe3 Nxd3+ 19. Qxd3 Qb6+ 20. Qe3
Rac8 21. c4 Qf6+ 22. Kg1 Rfe8 23. Qxa7 b6 24. Rf1 Qe6 25. Qb7 Re7 26. Qf3 Rc5
27. Qc3+ Qe5 28. Qxe5+ Rcxe5 29. Rf3 f5 30. Raf1 Rd7 31. R1f2 Rd1+ 32. Kh2 Ree1
33. Rc2 h5 34. Kg3 Rc1 35. Rxc1 Rxc1 36. Rd3 Rc2 37. Kf3 g5 38. g4 fxg4+ 39.
hxg4 h4 40. Ke4 Rf2 41. Rd7+ Rf7 42. Rxf7+ Kxf7 43. a4 Ke6 44. b4 Kd6 45. a5
bxa5 46. bxa5 Kc5 47. Kf3 1/2-1/2

[Event "Vendredi 2020.07.02 A"]
[Site "Montreal CAN"]
[Date "2020.02.14"]
[Round "2"]
[White "Mok, Yuen Tak"]
[Black "Zhang, Chu Hang"]
[Result "0-1"]
[WhiteElo "2110"]
[BlackElo "2086"]
[PlyCount "152"]
[EventDate "2020.02.07"]
[EventType "tourn"]
[EventRounds "3"]
[EventCountry "CAN"]

1. Nf3 g6 2. g3 Bg7 3. Bg2 e5 4. d3 d5 5. O-O Ne7 6. e4 c6 7. Qe2 O-O 8. Nbd2
f6 9. Rd1 d4 10. a4 c5 11. Nc4 Nbc6 12. Bd2 Be6 13. Ne1 b6 14. f4 a6 15. Nf3 b5
16. axb5 axb5 17. Na3 Rb8 18. fxe5 Nxe5 19. Nxe5 fxe5 20. Rf1 Qd7 21. Rxf8+
Rxf8 22. Rf1 Nc8 23. Rxf8+ Bxf8 24. Bg5 Nd6 25. Nb1 Nf7 26. Bc1 Qa7 27. Na3 Nd6
28. Qf1 b4 29. Nc4 Nxc4 30. dxc4 Be7 31. b3 Qa2 32. Qd1 Qb1 33. Bf3 Bd7 34. Bd2
Qa2 35. Bc1 Bc6 36. h4 Qa8 37. Qe1 Bd7 38. Kg2 Be6 39. Bh6 Qd8 40. Qd2 Qd7 41.
Qe2 Bf8 42. Bxf8 Kxf8 43. Qd2 Qe7 44. Qh6+ Ke8 45. Qd2 Qf6 46. Qf2 h5 47. Be2
Bh3+ 48. Kg1 Qe6 49. Kh2 Ke7 50. Bd3 Bg4 51. Bf1 g5 52. hxg5 Qg6 53. Qf6+ Qxf6
54. gxf6+ Kxf6 55. Kg2 Kg5 56. Kh2 Bd1 57. Bd3 Kg4 58. Kg2 h4 59. gxh4 Kxh4 60.
Kf2 Kg4 61. Ke1 Bf3 62. Kd2 Kf4 63. Bf1 Bxe4 64. Bh3 Bf5 65. Bf1 e4 66. Be2 e3+
67. Kc1 Kg3 68. Bh5 Bg4 69. Bxg4 Kxg4 70. Kd1 Kf3 71. Ke1 e2 72. c3 d3 73. Kd2
bxc3+ 74. Kxc3 e1=Q+ 75. Kxd3 Qd1+ 76. Kc3 Ke3 0-1

[Event "Vendredi 2020.07.02 A"]
[Site "Montreal CAN"]
[Date "2020.02.14"]
[Round "2"]
[White "Sekki, Abderaouf"]
[Black "Tinica, Gabriel"]
[Result "0-1"]
[WhiteElo "1862"]
[BlackElo "1997"]
[PlyCount "90"]
[EventDate "2020.02.07"]
[EventType "tourn"]
[EventRounds "3"]
[EventCountry "CAN"]

1. d4 Nf6 2. c4 c5 3. d5 b5 4. cxb5 a6 5. bxa6 g6 6. Nc3 Bxa6 7. e4 Bxf1 8.
Kxf1 d6 9. Nge2 Bg7 10. g3 O-O 11. Kg2 Nbd7 12. Rb1 Qa5 13. b3 Rfb8 14. Qc2 Ne8
15. Bd2 Nc7 16. Na4 Qa6 17. Bc3 Bxc3 18. Naxc3 Nb5 19. Nxb5 Qxb5 20. a4 Qb4 21.
Rhc1 Ne5 22. f4 Nd7 23. Qd3 Qa3 24. Qc2 Nf6 25. h3 Qb4 26. Kf3 Re8 27. Qc4 Qb7
28. Nc3 e6 29. Re1 Qc8 30. g4 h5 31. dxe6 hxg4+ 32. hxg4 Rxe6 33. f5 Nd7 34.
Qd5 Ne5+ 35. Kg3 Re8 36. Qxd6 Ra6 37. Qd2 c4 38. bxc4 Nxc4 39. Qg5 Qc7+ 40. Kg2
Qe5 41. Nd5 Rd6 42. Rb5 Na3 43. Rc5 Nc2 44. Nf6+ Qxf6 45. Qxf6 Nxe1+ 0-1

[Event "Vendredi 2020.07.02 A"]
[Site "Montreal CAN"]
[Date "2020.02.21"]
[Round "3"]
[White "Tinica, Gabriel"]
[Black "Mok, Yuen Tak"]
[Result "1-0"]
[WhiteElo "1997"]
[BlackElo "2110"]
[PlyCount "69"]
[EventDate "2020.02.07"]
[EventType "tourn"]
[EventRounds "3"]
[EventCountry "CAN"]

1. d4 d5 2. Bf4 Nf6 3. e3 c5 4. c3 Nc6 5. Nf3 e6 6. Nbd2 Bd6 7. Bg3 O-O 8. Bd3
b6 9. Qe2 Bb7 10. a3 c4 11. Bc2 b5 12. e4 Be7 13. e5 Nh5 14. h4 g6 15. Bh2 Ng7
16. g4 f5 17. exf6 Rxf6 18. h5 gxh5 19. Ne5 Qe8 20. Nxc6 Qxc6 21. Be5 Rf7 22.
Bxg7 Rxg7 23. Rxh5 Rf8 24. O-O-O Bd8 25. Rdh1 Rff7 26. Nf3 Rc7 27. Ne5 Qd6 28.
f4 Bf6 29. g5 Bxe5 30. fxe5 Qf8 31. g6 Bc6 32. Qg4 Rce7 33. Qg5 Kh8 34. Qf6
Ref7 35. Rxh7+ 1-0

[Event "Victoria op"]
[Site "Victoria CAN"]
[Date "2020.01.17"]
[Round "1.11"]
[White "Richardson, Ross"]
[Black "Moore, Harry"]
[Result "1-0"]
[WhiteElo "1759"]
[BlackElo "2133"]
[PlyCount "81"]
[EventDate "2020.01.17"]
[EventType "swiss"]
[EventRounds "5"]
[EventCountry "CAN"]

1. d4 Nf6 2. c4 c5 3. d5 e6 4. Nc3 exd5 5. cxd5 d6 6. e4 g6 7. f4 Bg7 8. Bb5+
Nfd7 9. a4 O-O 10. Nf3 Na6 11. O-O Nc7 12. Bd3 a6 13. Re1 Re8 14. Be3 Nf6 15.
Bf2 Ng4 16. Bg3 Bd7 17. h3 Nf6 18. Bh4 Qc8 19. Bxf6 Bxf6 20. e5 dxe5 21. fxe5
Bg7 22. d6 Ne6 23. Nd5 Qd8 24. a5 Kh8 25. Bc4 Bc6 26. Qd2 Rb8 27. Ra3 Rf8 28.
Qe3 Re8 29. Ne7 Bxf3 30. Bxe6 Bxg2 31. Kxg2 fxe6 32. Qxc5 b6 33. Qc3 bxa5 34.
Nc6 Qg5+ 35. Kh1 Rec8 36. d7 Rxc6 37. Qxc6 Qd2 38. Qc8+ Bf8 39. Rf1 Qd5+ 40.
Raf3 Qa8 41. d8=Q 1-0

[Event "Victoria op"]
[Site "Victoria CAN"]
[Date "2020.01.17"]
[Round "1.12"]
[White "Cordon, Ian"]
[Black "Leblanc, Paul"]
[Result "0-1"]
[WhiteElo "1995"]
[BlackElo "1753"]
[PlyCount "71"]
[EventDate "2020.01.17"]
[EventType "swiss"]
[EventRounds "5"]
[EventCountry "CAN"]

1. c4 c6 2. g3 d5 3. e3 Nf6 4. Nf3 Bf5 5. Nc3 e6 6. d4 Nbd7 7. b3 Be7 8. Bg2 h6
9. O-O O-O 10. Qe2 Ne4 11. Bd2 Nxd2 12. Qxd2 Rb8 13. c5 e5 14. b4 Bf6 15. Rfc1
Re8 16. a4 Kh8 17. b5 Qa5 18. Ra2 Re7 19. Ne2 Qxd2 20. Rxd2 Ree8 21. Ne1 Nf8
22. Nc2 Ne6 23. Nb4 exd4 24. exd4 Nd8 25. Nc3 Rc8 26. a5 Ne6 27. a6 Nxd4 28.
axb7 Rc7 29. Rxd4 Bxd4 30. b8=Q Rxb8 31. Na6 Rbc8 32. Nxc7 Rxc7 33. bxc6 Rxc6
34. Bxd5 Rxc5 35. Ne2 Rxd5 36. Rd1 0-1

[Event "Victoria op"]
[Site "Victoria CAN"]
[Date "2020.01.17"]
[Round "1.13"]
[White "Struck, Lasse"]
[Black "Zheng, Victor"]
[Result "0-1"]
[WhiteElo "1751"]
[BlackElo "1965"]
[PlyCount "82"]
[EventDate "2020.01.17"]
[EventType "swiss"]
[EventRounds "5"]
[EventCountry "CAN"]

1. e4 c5 2. Nf3 d6 3. d4 cxd4 4. Nxd4 Nf6 5. Nc3 a6 6. Be3 e5 7. Nf3 Be6 8. Ng5
Be7 9. Nxe6 fxe6 10. Bc4 Qd7 11. Bb3 b5 12. f3 Nc6 13. g4 Na5 14. g5 Nh5 15.
Nd5 Nxb3 16. Nb6 Qa7 17. axb3 Rd8 18. Nd5 Qb7 19. Nxe7 Kxe7 20. O-O Rhf8 21.
Qd2 Nf4 22. Qe1 g6 23. Qh4 Ke8 24. Bxf4 Rxf4 25. Qh3 Qe7 26. Kh1 Ra8 27. Ra3
Qf7 28. b4 Kf8 29. Rfa1 Kg7 30. Rxa6 Rxa6 31. Qh6+ Kg8 32. Rxa6 Qf8 33. Qxf8+
Kxf8 34. Kg2 d5 35. Rb6 dxe4 36. Rxb5 exf3+ 37. Kf2 e4 38. Rb8+ Ke7 39. Rb7+
Kd6 40. Rb6+ Kd7 41. b5 e3+ 0-1

[Event "Victoria op"]
[Site "Victoria CAN"]
[Date "2020.01.17"]
[Round "1.14"]
[White "James, Rowan"]
[Black "Tate, William"]
[Result "1/2-1/2"]
[WhiteElo "1911"]
[BlackElo "1689"]
[PlyCount "100"]
[EventDate "2020.01.17"]
[EventType "swiss"]
[EventRounds "5"]
[EventCountry "CAN"]

1. e4 Nf6 2. e5 Nd5 3. d4 d6 4. Nf3 Bg4 5. Bc4 e6 6. O-O Be7 7. h3 Bh5 8. Re1
O-O 9. Bd3 Bg6 10. Bxg6 hxg6 11. c4 Nb6 12. b3 d5 13. c5 N6d7 14. b4 c6 15. Nc3
Na6 16. Rb1 Nc7 17. a4 a6 18. b5 axb5 19. axb5 Ra5 20. bxc6 bxc6 21. Bd2 Qa8
22. Qc2 Qa6 23. Rb2 Nb5 24. Nxb5 Rxb5 25. Rxb5 Qxb5 26. Rb1 Qa6 27. Be3 Rb8 28.
Nd2 Rxb1+ 29. Nxb1 Bd8 30. Nc3 f5 31. Qa4 Qb7 32. Na2 Kf7 33. Nb4 Nb8 34. g3
Ke8 35. Kf1 Kd7 36. Ke2 Bc7 37. h4 Bd8 38. Kd2 Bc7 39. Kc2 Bd8 40. Bd2 Bc7 41.
Bg5 Bd8 42. Bxd8 Kxd8 43. Kc3 Kd7 44. Qa5 Kc8 45. Kb3 Kd7 46. Ka4 Kc8 47. Ka3
Kd7 48. Qa4 Kc8 49. Kb3 Kd7 50. Kc3 Kc8 1/2-1/2

[Event "Victoria op"]
[Site "Victoria CAN"]
[Date "2020.01.17"]
[Round "1.15"]
[White "Forman, Ken"]
[Black "Jacobsen, Henrik"]
[Result "0-1"]
[WhiteElo "1636"]
[BlackElo "1904"]
[PlyCount "98"]
[EventDate "2020.01.17"]
[EventType "swiss"]
[EventRounds "5"]
[EventCountry "CAN"]

1. e4 c5 2. Nf3 e6 3. d4 cxd4 4. Nxd4 a6 5. Be2 Nf6 6. Nc3 Qc7 7. a3 b5 8. f3
Bb7 9. Be3 d6 10. O-O Nbd7 11. Qe1 Be7 12. Rd1 g5 13. Bd3 O-O-O 14. Qf2 Ne5 15.
Ndxb5 axb5 16. Nxb5 Qd7 17. Qd2 Nc6 18. Bb6 d5 19. Qc3 Kb8 20. e5 Ne8 21. Bxd8
Bxd8 22. Nd6 Nxd6 23. exd6 Bb6+ 24. Kh1 Bd4 25. Qb3 Rc8 26. Bb5 Be5 27. Rd3
Qxd6 28. Rfd1 Qc5 29. Bxc6 Rxc6 30. c3 Rb6 31. Qc2 Ba6 32. R3d2 Bf4 33. Rd4 Qc7
34. g3 Be5 35. R4d2 f5 36. Rc1 Rc6 37. Qb3+ Ka7 38. Rcd1 Rc4 39. Re1 Rc6 40.
Rf2 h5 41. Qd1 Qb6 42. Qd2 Bf6 43. Rg2 d4 44. cxd4 Rd6 45. Qb4 Qxb4 46. axb4
Bxd4 47. Rd1 Bb7 48. Rf2 Bxf2 49. Rxd6 Bxf3# 0-1

[Event "Victoria op"]
[Site "Victoria CAN"]
[Date "2020.01.17"]
[Round "1.21"]
[White "De Boer, Niels"]
[Black "Sauve, Ronald"]
[Result "0-1"]
[WhiteElo "1450"]
[BlackElo "1794"]
[PlyCount "94"]
[EventDate "2020.01.17"]
[EventType "swiss"]
[EventRounds "5"]
[EventCountry "CAN"]

1. e4 c5 2. c3 d5 3. exd5 Qxd5 4. Be2 e5 5. Bb5+ Nc6 6. f3 Nge7 7. c4 Qe6 8.
Ne2 a6 9. Qa4 Bd7 10. O-O Rc8 11. Bxc6 Bxc6 12. Qc2 g6 13. Re1 Qd7 14. d3 Bg7
15. Nbc3 O-O 16. Ne4 Bxe4 17. dxe4 Nc6 18. Bg5 Nd4 19. Rad1 Qe6 20. Nxd4 cxd4
21. f4 Rxc4 22. Qb3 Qc6 23. fxe5 Bxe5 24. Rf1 b5 25. Bh6 Bg7 26. Bf4 Qxe4 27.
Qf3 Qxf3 28. Rxf3 Re8 29. Rd2 f5 30. b3 Rc1+ 31. Rf1 Rxf1+ 32. Kxf1 Re4 33. g3
Kf7 34. Kf2 h6 35. h4 Ke6 36. Kf3 Kf6 37. g4 g5 38. hxg5+ hxg5 39. Bg3 Rxg4 40.
b4 Re4 41. a3 Re3+ 42. Kf2 f4 43. Bh2 Kf5 44. Bg1 Rxa3 45. Ke2 Ke4 46. Bf2 d3+
47. Kd1 Ra1# 0-1

[Event "Victoria op"]
[Site "Victoria CAN"]
[Date "2020.01.18"]
[Round "2.11"]
[White "Zheng, Victor"]
[Black "Taylor, Ashton"]
[Result "1-0"]
[WhiteElo "1965"]
[BlackElo "1810"]
[PlyCount "121"]
[EventDate "2020.01.17"]
[EventType "swiss"]
[EventRounds "5"]
[EventCountry "CAN"]

1. Nf3 Nf6 2. g3 d5 3. Bg2 c6 4. O-O e6 5. d3 Bd6 6. Nbd2 O-O 7. e4 e5 8. c3 h6
9. Re1 Re8 10. Qc2 Qc7 11. Nf1 Be6 12. h3 dxe4 13. dxe4 Qc8 14. Kh2 Nbd7 15. b3
a5 16. Bb2 a4 17. Rad1 axb3 18. axb3 Bc7 19. c4 Ba5 20. Re2 Qc7 21. Ne3 Bb4 22.
g4 Ra2 23. Qb1 Rea8 24. Nc2 Bc5 25. Kg1 b5 26. cxb5 cxb5 27. b4 Bd6 28. Nfe1
Qc4 29. Nd3 g5 30. Ne3 Qc7 31. Rc2 Qb6 32. Nd5 Bxd5 33. exd5 R2a6 34. Rc6 Qa7
35. Rdc1 e4 36. Rxa6 Qxa6 37. Rc6 Qa2 38. Qxa2 Rxa2 39. Rxd6 exd3 40. Bxf6 Nxf6
41. Rxf6 Ra1+ 42. Kh2 Re1 43. Bf3 Kg7 44. Rb6 d2 45. Rxb5 d1=Q 46. Bxd1 Rxd1
47. Rc5 Kf6 48. b5 Rb1 49. d6 Ke6 50. Rd5 Kd7 51. Kg2 Rb3 52. f3 Rb2+ 53. Kg3
Rb3 54. Kf2 Rb4 55. Ke3 Rf4 56. Rd4 Rf6 57. b6 Re6+ 58. Kd3 Re1 59. Rb4 Kc8 60.
d7+ Kb7 61. Kd2 1-0